Kertas kerdja mengenai materi diluar bidang DEPERLA jang mempengaruhi proses pelaksanaan angkutan laut nasional dalam wilajah pelabuhan/pabean. (Record no. 89128)

MARC details
000 -LEADER
fixed length control field 00640cam a22002051 4500
001 - CONTROL NUMBER
control field sa 68019886
003 - CONTROL NUMBER IDENTIFIER
control field DLC
005 - DATE AND TIME OF LATEST TRANSACTION
control field 20260227112720.0
008 - FIXED-LENGTH DATA ELEMENTS--GENERAL INFORMATION
fixed length control field 740507s1966 xx 000 0 ind
010 ## - LIBRARY OF CONGRESS CONTROL NUMBER
LC control number sa 68019886
035 ## - SYSTEM CONTROL NUMBER
System control number (OCoLC)879498
040 ## - CATALOGING SOURCE
Original cataloging agency DLC
Transcribing agency OAU
Modifying agency DLC
042 ## - AUTHENTICATION CODE
Authentication code premarc
050 00 - LIBRARY OF CONGRESS CALL NUMBER
Classification number HE563.I6
Item number A54
110 1# - MAIN ENTRY--CORPORATE NAME
Corporate name or jurisdiction name as entry element Indonesia.
Subordinate unit Departemen Perhubungan Laut.
245 10 - TITLE STATEMENT
Title Kertas kerdja mengenai materi diluar bidang DEPERLA jang mempengaruhi proses pelaksanaan angkutan laut nasional dalam wilajah pelabuhan/pabean.
260 ## - PUBLICATION, DISTRIBUTION, ETC.
Place of publication, distribution, etc. [Djakarta,
Date of publication, distribution, etc. 1966?]
300 ## - PHYSICAL DESCRIPTION
Extent 10 l.
Dimensions 32 cm.
650 #0 - SUBJECT ADDED ENTRY--TOPICAL TERM
Topical term or geographic name entry element Shipping
Geographic subdivision Indonesia.

No items available.

Powered by Koha